Efektívnosť slovenských a českých poisťovní
Hodnotenie efektívnosti slovenských a českých univerzálnych komerčných poisťovní v roku 2007 a 2008 a analýza závislosti medzi veľkosťou poisťovne a jej efektívnosťou. Pri odhade efektívnosti je použitá metóda modelov analýzy obalu dát (DEA). DEA modely predstavujú neparametrický prístup pre hodnote...
Na minha lista:
| Autor principal: | |
|---|---|
| Formato: | Capítulo de Livro |
| Idioma: | eslovaco |
| Assuntos: | |
| Tags: |
Sem tags, seja o primeiro a adicionar uma tag!
|
MARC
| LEADER | 00000nla$a2200000$$$4500 | ||
|---|---|---|---|
| 001 | 0126272 | ||
| 005 | 20231207080752.9 | ||
| 041 | 0 | |a slo | |
| 044 | |a SK | ||
| 245 | 1 | 0 | |a Efektívnosť slovenských a českých poisťovní |c Eva Grmanová |
| 520 | |a Hodnotenie efektívnosti slovenských a českých univerzálnych komerčných poisťovní v roku 2007 a 2008 a analýza závislosti medzi veľkosťou poisťovne a jej efektívnosťou. Pri odhade efektívnosti je použitá metóda modelov analýzy obalu dát (DEA). DEA modely predstavujú neparametrický prístup pre hodnotenie efektívnosti a výkonnosti súboru homogénnych jednotiek založený na riešení úloh lineárneho programovania. | ||
| 610 | 2 | 0 | |a poisťovne |
| 610 | 2 | 0 | |a analýza ekonomická |
| 610 | 2 | 0 | |a trh poistný |
| 610 | 2 | 0 | |a Slovensko |
| 610 | 2 | 0 | |a Česko |
| 100 | 1 | |a Grmanová, Eva | |